000 00634nam a2200217Ia 4500
003 OSt
005 20241022101517.0
008 240925s9999 xx 000 0 und d
020 _a9837210568
040 _cdf
082 _a332.024 GRI
100 _aGriffeth Bill
245 0 _aBill Griffeth's 10 steps to financial prosperity: CNBC's award winning anchor shows you how to achieve financial independence
250 _aNA
260 _aKuala Lumpur:
_bGolden Books SDN.BHD
_c,1994.
300 _a420p.
_bN.A
_fOriginal
500 _aIncludes Index
600 _aSocial Sciences
650 _aSocial Sciences
942 _cBK
_2ddc
999 _c17776
_d17776